00414nam a2200145Ia 4500008004100000020001500041041001200056082001600068100001400084245008800098260004100186300000800227650001200235700002100247221030s9999 xx 000 0 und d a8177584375 aEnglish a105.23bMis aS. Mishra 0aCommunication Skills for Engineers ( DEPARTMENTAL )cby S. Mishra, C. Muralikrishna bPearson EducationaNew Delhic2006 a257 aEnglish aC. Muralikrishna